[Event "8th Vellmar Chess Days"]
[Site "chess24.com"]
[Date "2016.07.29"]
[Round "3"]
[White "Humburg, Philipp"]
[Black "Krausse, Eckhard"]
[Result "1-0"]
[Board "11"]
[WhiteElo "2201"]
[WhiteCountry "GER"]
[WhiteFideId "24656151"]
[WhiteEloChange "5"]
[BlackElo "2030"]
[BlackCountry "GER"]
[BlackFideId "4638174"]
[BlackEloChange "-5"]

1. e4 {[%clk 1:30:59]} c5 {[%clk 1:29:22]} 2. Nf3 {[%clk 1:31:22]} d6 {[%clk
1:29:27]} 3. d4 {[%clk 1:31:41]} cxd4 {[%clk 1:29:50]} 4. Nxd4 {[%clk 1:32:08]}
Nf6 {[%clk 1:30:15]} 5. Nc3 {[%clk 1:32:32]} g6 {[%clk 1:26:59]} 6. Be2 {[%clk
1:31:55]} Nc6 {[%clk 1:26:24]} 7. O-O {[%clk 1:31:45]} Bg7 {[%clk 1:26:38]} 8.
Nb3 {[%clk 1:31:54]} O-O {[%clk 1:24:15]} 9. Bg5 {[%clk 1:32:20]} Ne5 {[%clk
1:17:12]} 10. Nd5 {[%clk 1:29:51]} Be6 {[%clk 0:55:21]} 11. Kh1 {[%clk 1:27:50]}
Rc8 {[%clk 0:47:44]} 12. c3 {[%clk 1:19:54]} a5 {[%clk 0:38:58]} 13. Bxf6 {[%clk
1:14:51]} Bxd5 {[%clk 0:35:15]} 14. Qxd5 {[%clk 1:12:00]} Bxf6 {[%clk 0:34:46]}
15. Qxa5 {[%clk 1:08:18]} Nc4 {[%clk 0:27:08]} 16. Qxd8 {[%clk 1:08:18]} Rfxd8
{[%clk 0:27:27]} 17. Bxc4 {[%clk 1:08:02]} Rxc4 {[%clk 0:27:53]} 18. Rfe1 {[%clk
1:03:55]} Ra8 {[%clk 0:27:10]} 19. a3 {[%clk 1:03:57]} Ra6 {[%clk 0:25:32]} 20.
Nc1 {[%clk 1:02:10]} e6 {[%clk 0:20:59]} 21. Nd3 {[%clk 1:01:55]} d5 {[%clk
0:21:12]} 22. Nb4 {[%clk 1:01:55]} Ra5 {[%clk 0:21:12]} 23. exd5 {[%clk 0:58:02]}
exd5 {[%clk 0:21:37]} 24. Rad1 {[%clk 0:58:04]} d4 {[%clk 0:21:23]} 25. Re4
{[%clk 0:57:42]} Re5 {[%clk 0:17:38]} 26. Rexd4 {[%clk 0:47:12]} Rxd4 {[%clk
0:15:11]} 27. cxd4 {[%clk 0:47:34]} Re2 {[%clk 0:14:48]} 28. g3 {[%clk 0:46:55]}
Rxb2 {[%clk 0:13:17]} 29. d5 {[%clk 0:41:01]} Rxf2 {[%clk 0:10:15]} 30. d6 {[%clk
0:40:03]} Bd8 {[%clk 0:08:20]} 31. Re1 {[%clk 0:38:50]} Kg7 {[%clk 0:08:27]} 32.
Rd1 {[%clk 0:30:26]} Kf8 {[%clk 0:07:51]} 33. Nd5 {[%clk 0:30:32]} Ke8 {[%clk
0:05:56]} 34. Rb1 {[%clk 0:19:29]} Kd7 {[%clk 0:04:03]} 35. Nc3 {[%clk 0:19:04]}
Rc2 {[%clk 0:03:58]} 36. Rxb7+ {[%clk 0:17:59]} Kc6 {[%clk 0:02:37]} 37. Rb8
{[%clk 0:16:14]} Kd7 {[%clk 0:00:32]} 38. Nb5 {[%clk 0:15:09]} 1-0

[Event "8th Vellmar Chess Days"]
[Site "chess24.com"]
[Date "2016.07.29"]
[Round "3"]
[White "Eggenstein, Frank"]
[Black "Heinelt, Manfred"]
[Result "1/2-1/2"]
[Board "12"]
[WhiteElo "2032"]
[WhiteCountry "GER"]
[WhiteFideId "4651278"]
[WhiteEloChange "4"]
[BlackElo "2175"]
[BlackCountry "GER"]
[BlackFideId "4656695"]
[BlackEloChange "-4"]

1. e4 {[%clk 1:30:55]} c5 {[%clk 1:30:49]} 2. Nf3 {[%clk 1:31:13]} a6 {[%clk
1:31:04]} 3. d4 {[%clk 1:26:58]} cxd4 {[%clk 1:31:15]} 4. Nxd4 {[%clk 1:27:24]}
Nf6 {[%clk 1:31:33]} 5. Nc3 {[%clk 1:27:43]} e5 {[%clk 1:31:45]} 6. Nb3 {[%clk
1:21:48]} Bb4 {[%clk 1:31:36]} 7. Bd3 {[%clk 1:06:15]} d5 {[%clk 1:30:15]} 8.
exd5 {[%clk 1:04:05]} e4 {[%clk 1:30:05]} 9. Be2 {[%clk 1:03:50]} Nxd5 {[%clk
1:29:41]} 10. Bd2 {[%clk 0:58:34]} Nxc3 {[%clk 1:28:47]} 11. bxc3 {[%clk
0:54:34]} Bd6 {[%clk 1:29:02]} 12. Nd4 {[%clk 0:50:23]} O-O {[%clk 1:26:55]} 13.
Qb1 {[%clk 0:48:20]} Qc7 {[%clk 1:22:42]} 14. Qb3 {[%clk 0:44:32]} Nc6 {[%clk
1:14:18]} 15. Nxc6 {[%clk 0:31:35]} bxc6 {[%clk 1:09:59]} 16. Rd1 {[%clk
0:13:53]} Kh8 {[%clk 0:48:53]} 17. Be3 {[%clk 0:06:12]} Rb8 {[%clk 0:46:23]} 18.
Qa4 {[%clk 0:06:27]} f5 {[%clk 0:45:18]} 19. g3 {[%clk 0:05:02]} Be5 {[%clk
0:43:16]} 20. Bd4 {[%clk 0:04:38]} f4 {[%clk 0:40:53]} 21. Bxe5 {[%clk 0:04:15]}
Qxe5 {[%clk 0:41:12]} 22. Qd4 {[%clk 0:04:16]} Qf5 {[%clk 0:36:49]} 23. gxf4
{[%clk 0:02:18]} Qxf4 {[%clk 0:35:58]} 24. Rg1 {[%clk 0:02:29]} Rb7 {[%clk
0:36:10]} 25. Rg3 {[%clk 0:01:33]} Rbf7 {[%clk 0:35:32]} 26. f3 {[%clk 0:01:36]}
Bf5 {[%clk 0:29:55]} 27. fxe4 {[%clk 0:01:39]} c5 {[%clk 0:28:23]} 28. Qe3 {[%clk
0:01:07]} Qxe4 {[%clk 0:24:16]} 29. Qxe4 {[%clk 0:01:27]} Bxe4 {[%clk 0:24:37]}
30. Bxa6 {[%clk 0:01:11]} Bxc2 {[%clk 0:17:35]} 31. Rd2 {[%clk 0:01:40]} Bg6
{[%clk 0:17:36]} 32. Re3 {[%clk 0:01:43]} Ra7 {[%clk 0:16:57]} 33. Bc4 {[%clk
0:02:00]} Ra4 {[%clk 0:16:24]} 34. Bb5 {[%clk 0:01:23]} Ra3 {[%clk 0:16:36]} 35.
Bc4 {[%clk 0:01:03]} Ra4 {[%clk 0:12:18]} 36. Bb5 {[%clk 0:01:25]} Ra6 {[%clk
0:09:11]} 1/2-1/2

[Event "8th Vellmar Chess Days"]
[Site "chess24.com"]
[Date "2016.07.29"]
[Round "3"]
[White "Held, Carsten, Dr."]
[Black "Pienski, Olaf"]
[Result "1/2-1/2"]
[Board "13"]
[WhiteElo "1989"]
[WhiteCountry "GER"]
[WhiteFideId "1271741"]
[WhiteEloChange "5"]
[BlackElo "2168"]
[BlackCountry "GER"]
[BlackFideId "4619544"]
[BlackEloChange "-5"]

1. Nf3 {[%clk 1:30:57]} d5 {[%clk 1:30:40]} 2. c4 {[%clk 1:31:20]} d4 {[%clk
1:30:17]} 3. g3 {[%clk 1:31:24]} Nc6 {[%clk 1:29:20]} 4. d3 {[%clk 1:31:35]} e5
{[%clk 1:28:26]} 5. Bg2 {[%clk 1:31:54]} Nf6 {[%clk 1:27:32]} 6. O-O {[%clk
1:32:11]} Bd6 {[%clk 1:26:24]} 7. e3 {[%clk 1:29:03]} O-O {[%clk 1:25:15]} 8. Na3
{[%clk 1:23:51]} Bxa3 {[%clk 1:17:46]} 9. bxa3 {[%clk 1:24:14]} Bg4 {[%clk
1:16:40]} 10. h3 {[%clk 1:24:07]} Bh5 {[%clk 1:15:43]} 11. g4 {[%clk 1:23:34]}
Bg6 {[%clk 1:15:42]} 12. e4 {[%clk 1:23:54]} Nd7 {[%clk 1:12:41]} 13. Rb1 {[%clk
1:17:35]} Nc5 {[%clk 1:10:11]} 14. a4 {[%clk 1:11:15]} Re8 {[%clk 1:05:03]} 15.
Ba3 {[%clk 1:09:15]} b6 {[%clk 1:03:18]} 16. Bxc5 {[%clk 1:04:17]} bxc5 {[%clk
1:03:45]} 17. a5 {[%clk 0:58:26]} a6 {[%clk 1:00:30]} 18. Qa4 {[%clk 0:51:18]}
Qd7 {[%clk 0:50:59]} 19. Qa3 {[%clk 0:31:51]} Qd6 {[%clk 0:46:01]} 20. Nh4 {[%clk
0:31:11]} Nd8 {[%clk 0:32:16]} 21. f4 {[%clk 0:22:25]} f6 {[%clk 0:32:22]} 22. f5
{[%clk 0:15:52]} Bf7 {[%clk 0:32:33]} 23. Nf3 {[%clk 0:16:17]} Nc6 {[%clk
0:30:56]} 24. Rb3 {[%clk 0:14:52]} Rab8 {[%clk 0:30:40]} 25. Rfb1 {[%clk
0:15:08]} Rb4 {[%clk 0:26:18]} 26. Ne1 {[%clk 0:14:54]} Reb8 {[%clk 0:23:10]} 27.
Nc2 {[%clk 0:15:23]} Rxb3 {[%clk 0:22:51]} 28. Rxb3 {[%clk 0:15:51]} Rxb3 {[%clk
0:15:59]} 29. Qxb3 {[%clk 0:15:25]} Be8 {[%clk 0:15:56]} 30. Qa3 {[%clk 0:15:53]}
Nb4 {[%clk 0:15:20]} 31. Qb3 {[%clk 0:09:21]} Kf8 {[%clk 0:12:49]} 32. Bf1 {[%clk
0:09:39]} Nxc2 {[%clk 0:09:22]} 33. Qxc2 {[%clk 0:10:08]} Bc6 {[%clk 0:08:07]}
34. Qb3 {[%clk 0:09:30]} Ke7 {[%clk 0:06:20]} 35. Qb8 {[%clk 0:08:20]} Be8 {[%clk
0:03:45]} 36. Qb7 {[%clk 0:08:31]} Bd7 {[%clk 0:02:55]} 37. Be2 {[%clk 0:08:47]}
Qc6 {[%clk 0:02:53]} 38. Qxc6 {[%clk 0:08:32]} Bxc6 {[%clk 0:03:20]} 39. Bd1
{[%clk 0:08:56]} Kf7 {[%clk 0:03:09]} 40. Kf2 {[%clk 0:08:54]} h6 {[%clk
0:02:54]} 1/2-1/2

[Event "8th Vellmar Chess Days"]
[Site "chess24.com"]
[Date "2016.07.29"]
[Round "3"]
[White "Bergauz, Avigdor"]
[Black "Daechert, Peter"]
[Result "0-1"]
[Board "14"]
[WhiteElo "2153"]
[WhiteCountry "GER"]
[WhiteFideId "12943770"]
[WhiteEloChange "-14"]
[BlackElo "2016"]
[BlackCountry "GER"]
[BlackFideId "4686713"]
[BlackEloChange "14"]

1. c4 {[%clk 1:30:53]} b6 {[%clk 1:30:51]} 2. Nc3 {[%clk 1:30:58]} f5 {[%clk
1:30:35]} 3. d4 {[%clk 1:30:08]} Nf6 {[%clk 1:30:57]} 4. Nf3 {[%clk 1:29:46]} e6
{[%clk 1:31:17]} 5. d5 {[%clk 1:27:02]} exd5 {[%clk 1:28:59]} 6. Nxd5 {[%clk
1:26:05]} Bb7 {[%clk 1:25:32]} 7. Qd4 {[%clk 1:19:06]} Nxd5 {[%clk 1:21:30]} 8.
cxd5 {[%clk 1:19:34]} Qe7 {[%clk 1:21:48]} 9. e3 {[%clk 1:14:40]} Qe4 {[%clk
1:20:22]} 10. Bc4 {[%clk 1:14:02]} Bb4+ {[%clk 1:20:18]} 11. Ke2 {[%clk 1:10:05]}
Qe7 {[%clk 1:09:12]} 12. a3 {[%clk 1:05:14]} Bd6 {[%clk 1:05:52]} 13. b4 {[%clk
1:01:47]} c5 {[%clk 1:03:31]} 14. bxc5 {[%clk 0:59:28]} Bxc5 {[%clk 1:03:02]} 15.
Qd3 {[%clk 0:58:41]} Rf8 {[%clk 0:58:04]} 16. Bb2 {[%clk 0:58:22]} d6 {[%clk
0:56:16]} 17. Nd4 {[%clk 0:54:23]} Bxd4 {[%clk 0:50:28]} 18. Qxd4 {[%clk
0:54:52]} Rf7 {[%clk 0:50:31]} 19. Rac1 {[%clk 0:51:20]} Na6 {[%clk 0:50:26]} 20.
f3 {[%clk 0:47:44]} Nc5 {[%clk 0:50:44]} 21. Rhe1 {[%clk 0:47:28]} Kf8 {[%clk
0:48:23]} 22. Kf2 {[%clk 0:46:09]} Qg5 {[%clk 0:45:58]} 23. g3 {[%clk 0:42:22]}
Re8 {[%clk 0:45:12]} 24. Rc2 {[%clk 0:40:11]} Qh5 {[%clk 0:42:29]} 25. Kg2 {[%clk
0:37:52]} Bc8 {[%clk 0:40:45]} 26. Bb5 {[%clk 0:36:01]} Re5 {[%clk 0:39:13]} 27.
Qf4 {[%clk 0:35:09]} g5 {[%clk 0:38:17]} 28. Bxe5 {[%clk 0:26:09]} gxf4 {[%clk
0:38:04]} 29. Bxd6+ {[%clk 0:26:38]} Kg7 {[%clk 0:35:25]} 30. Be8 {[%clk
0:24:45]} fxg3 {[%clk 0:35:02]} 31. hxg3 {[%clk 0:24:35]} f4 {[%clk 0:34:05]} 32.
Bxf7 {[%clk 0:23:48]} Bh3+ {[%clk 0:33:12]} 33. Kg1 {[%clk 0:22:14]} Qxf3 {[%clk
0:29:56]} 34. Bxf4 {[%clk 0:20:47]} Kxf7 {[%clk 0:29:19]} 35. Rf2 {[%clk
0:14:07]} Qxd5 {[%clk 0:28:39]} 36. Bd6+ {[%clk 0:14:07]} Ke6 {[%clk 0:27:36]}
37. Bxc5 {[%clk 0:14:13]} Qxc5 {[%clk 0:26:42]} 38. Kh2 {[%clk 0:12:26]} Bg4
{[%clk 0:21:35]} 39. Kg2 {[%clk 0:12:04]} Qc3 {[%clk 0:21:22]} 40. Rh1 {[%clk
0:11:24]} Qxe3 {[%clk 0:20:18]} 41. a4 {[%clk 0:10:37]} Qe4+ {[%clk 0:20:03]} 42.
Kh2 {[%clk 0:09:17]} Qe5 {[%clk 0:10:40]} 43. Rhf1 {[%clk 0:07:54]} Qh5+ {[%clk
0:09:50]} 44. Kg1 {[%clk 0:08:03]} Qc5 {[%clk 0:06:14]} 45. Kh2 {[%clk 0:07:15]}
Bf5 {[%clk 0:04:16]} 46. Re2+ {[%clk 0:05:34]} Kd7 {[%clk 0:03:45]} 47. Rf4
{[%clk 0:03:41]} Bg6 {[%clk 0:02:55]} 48. Ref2 {[%clk 0:02:47]} a6 {[%clk
0:02:07]} 49. Rd2+ {[%clk 0:01:29]} Kc7 {[%clk 0:01:42]} 50. Rfd4 {[%clk
0:01:01]} Bf5 {[%clk 0:28:14]} 51. Rf4 {[%clk 0:27:55]} Be6 {[%clk 0:26:43]} 52.
Re4 {[%clk 0:23:07]} Qh5+ {[%clk 0:25:24]} 53. Rh4 {[%clk 0:22:41]} Qg6 {[%clk
0:25:39]} 54. Rhd4 {[%clk 0:19:38]} Qh6+ {[%clk 0:23:55]} 55. Kg2 {[%clk
0:18:54]} Qh3+ {[%clk 0:23:03]} 56. Kf2 {[%clk 0:17:47]} Qh2+ {[%clk 0:23:18]}
57. Kf3 {[%clk 0:18:00]} Qh1+ {[%clk 0:23:28]} 58. Kf2 {[%clk 0:17:31]} b5 {[%clk
0:23:04]} 59. Rh4 {[%clk 0:15:47]} Qb1 {[%clk 0:23:22]} 60. axb5 {[%clk 0:15:25]}
axb5 {[%clk 0:23:29]} 61. Rdd4 {[%clk 0:14:59]} Kc6 {[%clk 0:21:23]} 62. Rh6
{[%clk 0:09:26]} Kc5 {[%clk 0:20:45]} 63. Rf4 {[%clk 0:08:15]} Qc2+ {[%clk
0:20:24]} 64. Kf3 {[%clk 0:06:18]} Qd3+ {[%clk 0:20:37]} 65. Kf2 {[%clk 0:06:15]}
Bd5 {[%clk 0:20:25]} 66. Rfh4 {[%clk 0:02:23]} Qd2+ {[%clk 0:20:34]} 67. Kf1
{[%clk 0:02:44]} Qg2+ {[%clk 0:20:47]} 68. Ke1 {[%clk 0:03:14]} Qxg3+ {[%clk
0:20:46]} 69. Kd2 {[%clk 0:03:40]} Qf2+ {[%clk 0:21:01]} 70. Kc1 {[%clk 0:03:42]}
Qe1+ {[%clk 0:21:16]} 71. Kc2 {[%clk 0:03:31]} Be4+ {[%clk 0:21:24]} 72. Kb2
{[%clk 0:02:45]} Qd2+ {[%clk 0:21:41]} 0-1

[Event "8th Vellmar Chess Days"]
[Site "chess24.com"]
[Date "2016.07.29"]
[Round "3"]
[White "Amrhein, Thorsten"]
[Black "Bollmann, Henrik"]
[Result "1/2-1/2"]
[Board "15"]
[WhiteElo "1976"]
[WhiteCountry "GER"]
[WhiteFideId "24655384"]
[WhiteEloChange "5"]
[BlackElo "2145"]
[BlackCountry "GER"]
[BlackFideId "24626007"]
[BlackEloChange "-5"]

1. e4 {[%clk 1:30:54]} c5 {[%clk 1:30:56]} 2. c3 {[%clk 1:31:08]} d6 {[%clk
1:31:13]} 3. d4 {[%clk 1:31:22]} Nf6 {[%clk 1:31:33]} 4. dxc5 {[%clk 1:31:24]} e6
{[%clk 1:21:01]} 5. Bg5 {[%clk 1:19:47]} dxc5 {[%clk 1:13:33]} 6. Qxd8+ {[%clk
1:19:16]} Kxd8 {[%clk 1:14:01]} 7. Nd2 {[%clk 1:18:28]} h6 {[%clk 1:05:28]} 8.
Bxf6+ {[%clk 1:16:11]} gxf6 {[%clk 1:05:45]} 9. O-O-O {[%clk 1:15:51]} Nd7 {[%clk
0:55:14]} 10. Ngf3 {[%clk 1:09:57]} Kc7 {[%clk 0:49:13]} 11. Bc4 {[%clk 1:06:26]}
a6 {[%clk 0:47:01]} 12. a4 {[%clk 1:02:45]} b6 {[%clk 0:47:04]} 13. Kc2 {[%clk
0:56:16]} Bb7 {[%clk 0:46:59]} 14. Rhe1 {[%clk 0:53:26]} Be7 {[%clk 0:45:34]} 15.
g3 {[%clk 0:45:09]} Bc6 {[%clk 0:44:33]} 16. Bb3 {[%clk 0:38:38]} b5 {[%clk
0:44:33]} 17. axb5 {[%clk 0:38:32]} axb5 {[%clk 0:44:44]} 18. c4 {[%clk 0:38:24]}
b4 {[%clk 0:43:53]} 19. Ra1 {[%clk 0:38:32]} Rhd8 {[%clk 0:40:25]} 20. Rxa8
{[%clk 0:33:32]} Rxa8 {[%clk 0:40:42]} 21. Kb1 {[%clk 0:33:37]} Rd8 {[%clk
0:36:40]} 22. Kc2 {[%clk 0:33:10]} Ra8 {[%clk 0:35:40]} 23. Kb1 {[%clk 0:33:13]}
Bb7 {[%clk 0:35:54]} 24. Bc2 {[%clk 0:29:12]} Nb8 {[%clk 0:34:11]} 25. Re3 {[%clk
0:23:30]} Nc6 {[%clk 0:34:01]} 26. Nh4 {[%clk 0:19:03]} Rd8 {[%clk 0:27:33]} 27.
Rd3 {[%clk 0:17:29]} Rd4 {[%clk 0:18:14]} 28. f4 {[%clk 0:15:53]} Kd6 {[%clk
0:14:33]} 29. b3 {[%clk 0:14:45]} Bf8 {[%clk 0:12:54]} 30. Ndf3 {[%clk 0:13:19]}
Rxd3 {[%clk 0:13:15]} 31. Bxd3 {[%clk 0:13:42]} Bg7 {[%clk 0:09:54]} 32. Kc2
{[%clk 0:11:03]} Ne7 {[%clk 0:08:14]} 33. Kd2 {[%clk 0:09:52]} Bc6 {[%clk
0:05:11]} 34. Ke3 {[%clk 0:09:30]} Bd7 {[%clk 0:05:22]} 35. Bc2 {[%clk 0:07:06]}
Nc6 {[%clk 0:04:38]} 36. Bd3 {[%clk 0:05:35]} Ke7 {[%clk 0:03:54]} 37. Bc2 {[%clk
0:04:52]} Bc8 {[%clk 0:02:57]} 38. Bd3 {[%clk 0:05:01]} Kd6 {[%clk 0:02:41]} 39.
Bc2 {[%clk 0:05:12]} Na5 {[%clk 0:02:35]} 40. Ke2 {[%clk 0:04:03]} Nc6 {[%clk
0:01:43]} 41. Ke3 {[%clk 0:03:59]} Bb7 {[%clk 0:29:49]} 42. Bd3 {[%clk 0:34:37]}
Ke7 {[%clk 0:28:58]} 43. Bc2 {[%clk 0:34:35]} Kf8 {[%clk 0:27:28]} 44. Bd3 {[%clk
0:34:03]} Kg8 {[%clk 0:26:35]} 45. Bc2 {[%clk 0:33:10]} Bf8 {[%clk 0:23:45]} 46.
Bd3 {[%clk 0:32:45]} Bg7 {[%clk 0:20:38]} 47. Bc2 {[%clk 0:32:47]} Kf8 {[%clk
0:20:33]} 48. Bd3 {[%clk 0:32:23]} Ke7 {[%clk 0:20:40]} 49. Bc2 {[%clk 0:31:55]}
Kd6 {[%clk 0:20:38]} 50. Bd3 {[%clk 0:30:19]} Bc8 {[%clk 0:20:23]} 1/2-1/2

[Event "8th Vellmar Chess Days"]
[Site "chess24.com"]
[Date "2016.07.29"]
[Round "3"]
[White "Rueberg, Jobst"]
[Black "Luebeck, Stephan, Dr."]
[Result "1-0"]
[Board "16"]
[WhiteElo "2123"]
[WhiteTitle "FM"]
[WhiteCountry "GER"]
[WhiteFideId "4677501"]
[WhiteEloChange "7"]
[BlackElo "2009"]
[BlackCountry "GER"]
[BlackFideId "12945269"]
[BlackEloChange "-7"]

1. e4 {[%clk 1:30:54]} g6 {[%clk 1:30:55]} 2. Nc3 {[%clk 1:30:50]} Bg7 {[%clk
1:31:20]} 3. d4 {[%clk 1:30:33]} d6 {[%clk 1:31:45]} 4. Bg5 {[%clk 1:30:07]} Nc6
{[%clk 1:30:54]} 5. Nge2 {[%clk 1:25:35]} h6 {[%clk 1:30:32]} 6. Be3 {[%clk
1:24:10]} e5 {[%clk 1:29:25]} 7. Qd2 {[%clk 1:20:58]} exd4 {[%clk 1:21:22]} 8.
Nxd4 {[%clk 1:21:15]} Nxd4 {[%clk 1:21:47]} 9. Bxd4 {[%clk 1:21:38]} Bxd4 {[%clk
1:15:08]} 10. Qxd4 {[%clk 1:22:01]} Qf6 {[%clk 1:14:52]} 11. Qc4 {[%clk 1:16:33]}
c6 {[%clk 0:58:16]} 12. Rd1 {[%clk 1:04:07]} Be6 {[%clk 0:48:38]} 13. Qb4 {[%clk
0:59:57]} O-O-O {[%clk 0:49:01]} 14. Rxd6 {[%clk 0:57:07]} Rxd6 {[%clk 0:48:47]}
15. Qxd6 {[%clk 0:57:26]} Ne7 {[%clk 0:49:02]} 16. Be2 {[%clk 0:43:32]} Rd8
{[%clk 0:47:54]} 17. Qc5 {[%clk 0:43:28]} Qd4 {[%clk 0:42:16]} 18. Qxd4 {[%clk
0:43:18]} Rxd4 {[%clk 0:42:45]} 19. O-O {[%clk 0:40:42]} f5 {[%clk 0:37:27]} 20.
f3 {[%clk 0:36:48]} Kc7 {[%clk 0:32:31]} 21. Bd3 {[%clk 0:36:00]} g5 {[%clk
0:31:10]} 22. g3 {[%clk 0:35:06]} Rd8 {[%clk 0:27:08]} 23. Re1 {[%clk 0:32:15]}
f4 {[%clk 0:22:32]} 24. gxf4 {[%clk 0:28:39]} gxf4 {[%clk 0:21:48]} 25. Kf2
{[%clk 0:25:46]} Rg8 {[%clk 0:15:43]} 26. Ne2 {[%clk 0:25:15]} Ng6 {[%clk
0:12:27]} 27. Rg1 {[%clk 0:23:20]} c5 {[%clk 0:12:10]} 28. b3 {[%clk 0:22:58]}
Kd6 {[%clk 0:12:06]} 29. Rxg6 {[%clk 0:21:54]} 1-0

[Event "8th Vellmar Chess Days"]
[Site "chess24.com"]
[Date "2016.07.29"]
[Round "3"]
[White "Mueller, Tobias"]
[Black "Zahn, Richard"]
[Result "0-1"]
[Board "17"]
[WhiteElo "1672"]
[WhiteCountry "GER"]
[WhiteFideId "12947334"]
[WhiteEloChange "-2"]
[BlackElo "2086"]
[BlackCountry "GER"]
[BlackFideId "4681690"]
[BlackEloChange "2"]

1. d4 {[%clk 1:30:40]} e6 {[%clk 1:30:17]} 2. c4 {[%clk 1:30:27]} f5 {[%clk
1:30:30]} 3. Nc3 {[%clk 1:29:21]} Nf6 {[%clk 1:30:52]} 4. Nf3 {[%clk 1:28:10]} d5
{[%clk 1:30:20]} 5. Bf4 {[%clk 1:25:05]} c6 {[%clk 1:28:24]} 6. e3 {[%clk
1:22:41]} Bd6 {[%clk 1:28:17]} 7. Bxd6 {[%clk 1:21:03]} Qxd6 {[%clk 1:28:45]} 8.
cxd5 {[%clk 1:20:39]} exd5 {[%clk 1:27:50]} 9. Bd3 {[%clk 1:19:11]} O-O {[%clk
1:26:48]} 10. O-O {[%clk 1:17:47]} Ne4 {[%clk 1:22:55]} 11. Qb3 {[%clk 1:16:08]}
Kh8 {[%clk 1:17:45]} 12. a4 {[%clk 1:13:28]} Nd7 {[%clk 1:14:05]} 13. a5 {[%clk
1:11:05]} a6 {[%clk 1:11:39]} 14. Na4 {[%clk 1:03:05]} Ndf6 {[%clk 1:05:43]} 15.
Ne5 {[%clk 1:02:48]} Nd2 {[%clk 1:03:57]} 16. Qc2 {[%clk 1:03:10]} Nxf1 {[%clk
1:03:49]} 17. Rxf1 {[%clk 1:03:29]} Ng4 {[%clk 0:53:46]} 18. Nxg4 {[%clk
1:03:12]} fxg4 {[%clk 0:54:00]} 19. Nb6 {[%clk 1:03:00]} Rb8 {[%clk 0:53:21]} 20.
Bxh7 {[%clk 1:02:23]} Qh6 {[%clk 0:50:57]} 21. Nxc8 {[%clk 1:02:23]} Qxh7 {[%clk
0:44:54]} 22. Qxh7+ {[%clk 1:02:45]} Kxh7 {[%clk 0:45:23]} 23. Nb6 {[%clk
1:03:01]} Rf7 {[%clk 0:44:08]} 24. b4 {[%clk 1:03:05]} g5 {[%clk 0:42:39]} 25. g3
{[%clk 1:03:17]} Kg6 {[%clk 0:42:22]} 26. Kg2 {[%clk 1:02:20]} Rh8 {[%clk
0:42:03]} 27. Na4 {[%clk 1:01:55]} Rh6 {[%clk 0:34:24]} 28. Nb2 {[%clk 1:01:27]}
Rfh7 {[%clk 0:32:00]} 29. Rh1 {[%clk 1:01:38]} Kf5 {[%clk 0:31:47]} 30. Nd3
{[%clk 1:01:51]} b6 {[%clk 0:26:31]} 31. axb6 {[%clk 0:57:56]} Rb7 {[%clk
0:26:33]} 32. f3 {[%clk 0:55:22]} gxf3+ {[%clk 0:26:11]} 33. Kxf3 {[%clk
0:55:47]} g4+ {[%clk 0:24:44]} 34. Ke2 {[%clk 0:54:56]} Rxb6 {[%clk 0:24:19]} 35.
Rf1+ {[%clk 0:55:10]} Kg5 {[%clk 0:23:28]} 36. Rf2 {[%clk 0:54:42]} Rf6 {[%clk
0:23:31]} 37. Rf4 {[%clk 0:54:29]} Rxf4 {[%clk 0:23:16]} 38. exf4+ {[%clk
0:54:50]} Kf5 {[%clk 0:23:13]} 39. Ke3 {[%clk 0:54:19]} Rb7 {[%clk 0:22:29]} 40.
Kd2 {[%clk 0:54:37]} Rh7 {[%clk 0:20:58]} 41. Ne5 {[%clk 0:54:27]} Rxh2+ {[%clk
0:20:59]} 42. Kc3 {[%clk 0:54:30]} Rg2 {[%clk 0:21:02]} 43. Nxc6 {[%clk 0:54:32]}
Rxg3+ {[%clk 0:21:25]} 44. Kd2 {[%clk 0:54:11]} Kxf4 {[%clk 0:20:56]} 45. Ne7
{[%clk 0:54:02]} Ke4 {[%clk 0:20:44]} 46. Ke2 {[%clk 0:54:10]} Rg2+ {[%clk
0:20:37]} 47. Kf1 {[%clk 0:54:26]} Rb2 {[%clk 0:20:57]} 48. Nc6 {[%clk 0:54:40]}
g3 {[%clk 0:20:53]} 49. Kg1 {[%clk 0:55:03]} g2 {[%clk 0:20:05]} 50. Kh2 {[%clk
0:55:06]} Ke3 {[%clk 0:18:17]} 51. Kg1 {[%clk 0:54:43]} Kf3 {[%clk 0:18:25]} 52.
Ne5+ {[%clk 0:54:58]} Kg3 {[%clk 0:18:30]} 0-1

[Event "8th Vellmar Chess Days"]
[Site "chess24.com"]
[Date "2016.07.29"]
[Round "3"]
[White "Colbow, Collin"]
[Black "Ziegenfuss, Holger"]
[Result "0-1"]
[Board "18"]
[WhiteElo "1794"]
[WhiteCountry "GER"]
[WhiteFideId "16201132"]
[WhiteEloChange "-3"]
[BlackElo "2075"]
[BlackCountry "GER"]
[BlackFideId "12926140"]
[BlackEloChange "3"]

1. e4 {[%clk 1:30:30]} e5 {[%clk 1:30:30]} 2. Nf3 {[%clk 1:30:31]} Nc6 {[%clk
1:30:30]} 3. Bc4 {[%clk 1:30:31]} Nf6 {[%clk 1:30:40]} 4. d3 {[%clk 1:30:31]} Be7
{[%clk 1:30:49]} 5. a4 {[%clk 1:30:39]} d6 {[%clk 1:31:02]} 6. O-O {[%clk
1:30:28]} O-O {[%clk 1:28:22]} 7. Bd2 {[%clk 1:29:40]} Bg4 {[%clk 1:27:41]} 8.
Be3 {[%clk 1:28:45]} d5 {[%clk 1:22:54]} 9. exd5 {[%clk 1:28:45]} Nxd5 {[%clk
1:22:54]} 10. Bc1 {[%clk 1:28:22]} Nb6 {[%clk 1:02:58]} 11. Nbd2 {[%clk 1:25:49]}
Nxc4 {[%clk 1:03:02]} 12. Nxc4 {[%clk 1:25:54]} f6 {[%clk 0:58:26]} 13. c3 {[%clk
1:10:18]} Qd7 {[%clk 0:55:52]} 14. h3 {[%clk 1:04:40]} Be6 {[%clk 0:53:38]} 15.
Qe2 {[%clk 1:02:18]} Rad8 {[%clk 0:43:10]} 16. d4 {[%clk 0:58:38]} e4 {[%clk
0:35:26]} 17. Ne1 {[%clk 0:33:39]} f5 {[%clk 0:35:26]} 18. f4 {[%clk 0:33:39]}
Qe8 {[%clk 0:35:26]} 19. Nc2 {[%clk 0:33:39]} Nb8 {[%clk 0:33:51]} 20. N2e3
{[%clk 0:28:57]} c5 {[%clk 0:32:52]} 21. dxc5 {[%clk 0:24:11]} Bxc5 {[%clk
0:32:26]} 22. b4 {[%clk 0:23:07]} Be7 {[%clk 0:32:17]} 23. Bb2 {[%clk 0:19:43]}
Bf6 {[%clk 0:30:14]} 24. Kh1 {[%clk 0:16:46]} Qe7 {[%clk 0:26:19]} 25. Rad1
{[%clk 0:14:59]} Qc7 {[%clk 0:26:28]} 26. g3 {[%clk 0:11:45]} Nc6 {[%clk
0:25:00]} 27. Rc1 {[%clk 0:08:40]} Rd3 {[%clk 0:24:10]} 28. Na3 {[%clk 0:05:44]}
Rfd8 {[%clk 0:21:16]} 29. Nb1 {[%clk 0:05:38]} Qb6 {[%clk 0:19:01]} 30. Rfe1
{[%clk 0:00:36]} a6 {[%clk 0:14:46]} 31. Kg2 Ba2 {[%clk 0:14:29]} 32. a5 Qa7
{[%clk 0:12:32]} 33. Nf1 b5 {[%clk 0:10:21]} 34. Red1 Bc4 {[%clk 0:10:40]} 35.
Qe1 Nxb4 {[%clk 0:10:40]} 36. cxb4 Bxb2 {[%clk 0:10:57]} 37. Rxd3 Rxd3 {[%clk
0:08:58]} 38. Rd1 Qd4 {[%clk 0:08:37]} 39. Rd2 Rxd2+ {[%clk 0:07:02]} 40. Qxd2
Bd3 {[%clk 0:06:29]} 41. Qd1 Qxb4 42. Ne3 g6 43. Nd2 Bd4 44. Nc2 Qa4 0-1